| 000 | 00828nam a2200241 a 4500 | ||
|---|---|---|---|
| 005 | 20240521063626.0 | ||
| 008 | 060512s1998 mx r 000 0 spa d | ||
| 020 | _a8449308348 | ||
| 035 | _aUPN01000144443 | ||
| 049 | _aCG | ||
| 050 | 4 |
_aRA781.6 _bN4.5 |
|
| 100 | 1 | _aNelson, Mariam E. | |
| 245 | 1 | 0 |
_aMujer fuerte, mujer en forma : _buna guía de ejercicios para mujeres de todas las edades / _cMiriam E. Nelson, Sarah Wernick ; tr. Paula García Segura. |
| 260 |
_aBarcelona, Esp. : _bPaidós, _cc1998. |
||
| 300 |
_a334 p. : _bil. |
||
| 440 | 0 |
_aCuerpo y salud ; _v41 |
|
| 534 |
_pTítulo original: _tStrong women stay slim |
||
| 650 | 4 |
_aEJERCICIOS PARA ADELGAZAR _95372 |
|
| 650 | 4 |
_aEJERCICIOS PARA LAS MUJERES _96003 |
|
| 650 | 2 |
_aEjercicios físicos _914845 |
|
| 700 | 1 |
_aWernick, Sarah, _ecoaut. |
|
| 905 | _aLibro | ||
| 999 |
_c116590 _d116590 |
||